Statistics for World Capitals Mystery Route

Click here to take the quiz!

General Stats

  • This quiz has been taken 39,766 times
  • The average score is 14 of 35

Answers on the Map

Answers color-coded by a green-red scale on the quiz's map according to % correct below.
 

Answer Stats

#Capital% Correct
StartMoscow
99%
1Ankara
75%
2Tehran
69%
3Kabul
64%
4Kuwait City
59%
5Cairo
58%
6Athens
57%
7Madrid
57%
8London
56%
9Oslo
56%
10Reykjavík
56%
11Tegucigalpa
47%
12Georgetown
45%
13Quito
44%
14Luanda
42%
15Juba
38%
16Victoria
34%
17Abu Dhabi
33%
18New Delhi
32%
19Bangkok
31%
FinishCapetown
30%
20Manila
30%
22Beijing
29%
23Taipei
29%
24Tokyo
29%
21Ulaanbaatar
29%
25Port Moresby
27%
26Wellington
27%
27Singapore
26%
28Malé
25%
29Antananarivo
23%
30Dodoma
21%
31Asunción
20%
33Santiago
19%
32Sucre
19%

Score Distribution

Percentile by Number Answered

Percent of People with Each Score

Your Score History

You have not taken this quiz